000 00622nam a22002417a 4500
003 UA-OsUOA
001 38436
007 ta
008 20060510b un ||||| |||| 00| 0 ukr d
100 _aЕвтихов О. В.
090 _a159,9,07
_bЕ27
942 _cBK
040 _aUA-OsUOA
_brus
_cUA-OsUOA
_dUA-OsUOA
245 _aПрактика психологического тренинга
300 _a256 с.
955 _a2
041 _arus
080 _a159,9,07
020 _a5-9268-0248-2
260 _aСПб
_bРечь
_c2005
650 7 _a1 Філософські науки
_2UDC
999 _c324591
_d324591